قضايا التحليل التداولــــيّ عند ابن يعيش والــرضيّ / (رقم التسجيلة. 178838)
[ عرض عادي ]
| 000 -LEADER | |
|---|---|
| fixed length control field | 03883namaa22004211i 4500 |
| 003 - CONTROL NUMBER IDENTIFIER | |
| control field | OSt |
| 005 - أخر تعامل مع التسجيلة | |
| control field | 20260401103535.0 |
| 008 - FIXED-LENGTH DATA ELEMENTS--GENERAL INFORMATION | |
| fixed length control field | 250827s2025 ua a|||frm||| 000 0 eng d |
| 040 ## - CATALOGING SOURCE | |
| Original cataloguing agency | EG-GICUC |
| Language of cataloging | ara |
| Transcribing agency | EG-GICUC |
| Modifying agency | EG-GICUC |
| Description conventions | rda |
| 041 0# - LANGUAGE CODE | |
| Language code of text/sound track or separate title | ara |
| Language code of summary or abstract | ara |
| -- | eng |
| 049 ## - Acquisition Source | |
| Acquisition Source | إيداع |
| 082 04 - DEWEY DECIMAL CLASSIFICATION NUMBER | |
| Classification number | 415.1 |
| 092 ## - LOCALLY ASSIGNED DEWEY CALL NUMBER (OCLC) | |
| Classification number | 415.1 |
| Edition number | 21 |
| 097 ## - Degree | |
| Degree | دكتـــــوراه |
| 099 ## - LOCAL FREE-TEXT CALL NUMBER (OCLC) | |
| Local Call Number | Cai01.06.07.Ph.D.2025.مص.ق |
| 100 0# - MAIN ENTRY--PERSONAL NAME | |
| Authority record control number or standard number | ،مصطفى سعيد أحمد |
| Preparation | إعداد. |
| 245 10 - TITLE STATEMENT | |
| Title | قضايا التحليل التداولــــيّ عند ابن يعيش والــرضيّ / |
| Remainder of title | |
| Statement of responsibility, etc. | إعداد مصطفى سعيد أحمد؛ إشراف أ.د/ مصطفى أحمد عبدالعليم، أ.د/ محمد يوسف حبلص. |
| 246 15 - VARYING FORM OF TITLE | |
| Title proper/short title | Issues of pragmatic analysis at ibn yaish and al-radhi / |
| 264 #0 - PRODUCTION, PUBLICATION, DISTRIBUTION, MANUFACTURE, AND COPYRIGHT NOTICE | |
| Date of production, publication, distribution, manufacture, or copyright notice | 2025. |
| 300 ## - PHYSICAL DESCRIPTION | |
| Extent | 341 صفحة : |
| Other physical details | إيضاحيات ؛ |
| Dimensions | 30 سم. + |
| Accompanying material | CD. |
| 336 ## - CONTENT TYPE | |
| Content type term | text |
| Source | rda content |
| 337 ## - MEDIA TYPE | |
| Media type term | Unmediated |
| Source | rdamedia |
| 338 ## - CARRIER TYPE | |
| Carrier type term | volume |
| Source | rdacarrier |
| 502 ## - DISSERTATION NOTE | |
| Dissertation note | أطروحة (دكتوراه)-جامعة القاهرة، 2025. |
| 504 ## - BIBLIOGRAPHY, ETC. NOTE | |
| Bibliography, etc. note | ببليوجرافيا: صفحات 316-335. |
| 520 ## - SUMMARY, ETC. | |
| Summary, etc. | تتناول هذه الرسالة دراسة قضايا الاتجاه التداولي عند عالمين عربيين هما- ابن يعيش صاحب (شرح المفصل) - والرضي الاسترابادي صاحب (شرح الكافية)وذلك لبيان اهتمامهما بتحليل التراكيب العربية تحليلاً يكشف عن المعنى المقصود ويبين مدى التفاعل بين أطراف الحوار في بناء هذا المعنى ومدى التعاون بينهما في إيصال التراكيب إلى مستوى القبول أو الرفض وغير ذلك من القضايا التي تناولتها التداولية.وقد اشتملت الدراسة على مقدمة تناولت أهمية الموضوع والدراسات السابقة عنه، وتعريف بقضايا التداولية، ونبذة مختصرة عن ابن يعيش والرضي، ثم تناولت أربعة فصول القضايا المتفق عليها بين التداولية بالتطبيق على الكتابين المذكورين. |
| 520 ## - SUMMARY, ETC. | |
| Summary, etc. | This thesis examines the issues of the pragmatic approach of two arab sientests: Ibn Ya'ish, and Al-Radi Al-Astrabadi, in order to demonstrate their interest in analyzing arabic structures in a way that reveals the intended meaning and shows the extent of interaction between the parties to the dialogue in the construction of this meaning and the extent of their cooperation in delivering the structures to the level of acceptance or rejection and other issues dealt with by Pragmatic Theory.The study included an introduction that dealt with the importance of the topic and previous studies on it, a definition of the issues of Pragmatic Theory, a brief overview of Ibn Ya'ish and Al-Radi, then four chapters of the issues agreed upon between pragmatic sientests by applying them to the aforementioned books |
| 530 ## - ADDITIONAL PHYSICAL FORM AVAILABLE NOTE | |
| Issues CD | صدر أيضًا كقرص مدمج. |
| 546 ## - LANGUAGE NOTE | |
| Text Language | النص بالعربية والملخص باللغة الإنجليزية والعربية. |
| 650 #7 - SUBJECT ADDED ENTRY--TOPICAL TERM | |
| Topical term or geographic name entry element | اللغة العربية |
| Source of heading or term | qrmak |
| General subdivision | النحو |
| 653 #0 - INDEX TERM--UNCONTROLLED | |
| Uncontrolled term | التداولية |
| -- | ابن يعيش |
| -- | الرضي الأستراباذي |
| 700 0# - ADDED ENTRY--PERSONAL NAME | |
| Personal name | مصطفى أحمد عبدالعليم |
| Relator term | مشرف أطروحة. |
| 700 0# - ADDED ENTRY--PERSONAL NAME | |
| Personal name | محمد يوسف حبلص |
| Relator term | مشرف أطروحة. |
| 900 ## - Thesis Information | |
| Grant date | 23-01-2025 |
| Supervisory body | مصطفى أحمد عبدالعليم |
| -- | محمد يوسف حبلص |
| Discussion body | يوسف أحمد جاد الرب |
| -- | راشد جراري |
| Universities | جامعة القاهرة |
| Faculties | كلية دار العلوم |
| Department | قسم النحو والصرف والعروض |
| 905 ## - Cataloger and Reviser Names | |
| Cataloger Name | Sara Salah |
| Reviser Names | Afaf |
| 942 ## - ADDED ENTRY ELEMENTS (KOHA) | |
| Source of classification or shelving scheme | Dewey Decimal Classification |
| Koha item type | Thesis |
| Edition | 21 |
| Suppress in OPAC | No |
| Source of classification or shelving scheme | Home library | Current library | Date acquired | Inventory number | Full call number | Barcode | Date last seen | Effective from | Koha item type |
|---|---|---|---|---|---|---|---|---|---|
| Dewey Decimal Classification | المكتبة المركزبة الجديدة - جامعة القاهرة | قاعة الرسائل الجامعية - الدور الاول | 03.03.2026 | 33035 | Cai01.06.07.Ph.D.2025.مص.ق | 01010100033035000 | 03.03.2026 | 03.03.2026 | Thesis |